| 000 | 01176nam a2200253 a 4500 | ||
|---|---|---|---|
| 999 |
_c387680 _d387680 |
||
| 003 | BLK | ||
| 005 | 20231102170246.0 | ||
| 008 | 200911b bu ||||| |||| 00| 0 bu d | ||
| 020 | _a9789542619802 | ||
| 040 | _aBLK | ||
| 041 |
_aBUL _cBUL |
||
| 080 |
_aБългарска литература _b821.163.2 _z821.163.2-1 _x-1 |
||
| 100 |
_aКонстантинов, Георги _qХристов, Георги Константинов _982011 |
||
| 139 |
_aКонстантинов, Георги _bК 82 |
||
| 245 |
_aНепадаща звезда _bКопнеж, тревога и любов : [Лирика] _cГеорги Константинов. |
||
| 257 | _aBGR | ||
| 260 |
_9209439 _aПловдив _bХермес _c2020 _f[София] : Алианс принт _n978-954-26- ; 978-954-459- |
||
| 300 |
_a152 с. _c17 см |
||
| 380 | _aX | ||
| 501 | _aПълната форма на името на авт. Георги Константинов е Георги Константинов Христов. - Биогр. данни за авт. отбелязани на 2-ра кор. | ||
| 942 |
_cKNG _n0 _s1 _02 |
||
| 944 |
_aCR _c2020-09-11 _k30530 _lМинев Младен |
||
| 999 | _d387680 | ||